000
00318nam a22001337a 4500
020
_a
9690000608
040
_c
NUST
082
_a
297
_b
SAE
100
_a
Syed Saeed Ahmad
_9
125034
245
_a
Hazrat Umar nay Frmaya
260
_a
Lahore;
_b
Feroaz Sons,
_c
2000.
650
_2
Hazrat Umar nay Frmaya
942
_2
ddc
_c
BK
999
_c
610800
_d
610800